MARC details
| 000 -LEADER |
| fixed length control field |
02881cam a2200421 i 4500 |
| 001 - CONTROL NUMBER |
| control field |
GVRL65QU |
| 003 - CONTROL NUMBER IDENTIFIER |
| control field |
MiFhGG |
| 005 - DATE AND TIME OF LATEST TRANSACTION |
| control field |
20250819155649.0 |
| 006 - FIXED-LENGTH DATA ELEMENTS--ADDITIONAL MATERIAL CHARACTERISTICS |
| fixed length control field |
m o d |
| 007 - PHYSICAL DESCRIPTION FIXED FIELD--GENERAL INFORMATION |
| fixed length control field |
cr un ---uuuua |
| 008 - FIXED-LENGTH DATA ELEMENTS--GENERAL INFORMATION |
| fixed length control field |
180517t20192019cauad ob 001 0 eng d |
| 020 ## - INTERNATIONAL STANDARD BOOK NUMBER |
| International Standard Book Number |
9781483311531 |
| Qualifying information |
(electronic book) |
| 020 ## - INTERNATIONAL STANDARD BOOK NUMBER |
| Canceled/invalid ISBN |
9781452230863 |
| Qualifying information |
(paperback : acid-free paper) |
| 035 ## - SYSTEM CONTROL NUMBER |
| System control number |
(OCoLC)1154640956 |
| 040 ## - CATALOGING SOURCE |
| Original cataloging agency |
MiFhGG |
| Language of cataloging |
eng |
| Transcribing agency |
MiFhGG |
| Description conventions |
rda |
| -- |
pn |
| 050 #4 - LIBRARY OF CONGRESS CALL NUMBER |
| Classification number |
HF5381 |
| Item number |
.T2335 2019 |
| 100 1# - MAIN ENTRY--PERSONAL NAME |
| Personal name |
Tang, Mei |
| Titles and words associated with a name |
(Counselor educator), |
| Relator term |
author. |
| 245 10 - TITLE STATEMENT |
| Title |
Career development and counseling : |
| Remainder of title |
theory and practice in a multicultural world / |
| Statement of responsibility, etc. |
Mei Tang, University of Cincinnati, USA. |
| 264 #1 - PRODUCTION, PUBLICATION, DISTRIBUTION, MANUFACTURE, AND COPYRIGHT NOTICE |
| Place of production, publication, distribution, manufacture |
Thousand Oaks, California : |
| Name of producer, publisher, distributor, manufacturer |
SAGE Publications, Incorporated, |
| Date of production, publication, distribution, manufacture, or copyright notice |
[2019] |
| 264 #4 - PRODUCTION, PUBLICATION, DISTRIBUTION, MANUFACTURE, AND COPYRIGHT NOTICE |
| Date of production, publication, distribution, manufacture, or copyright notice |
©2019 |
| 300 ## - PHYSICAL DESCRIPTION |
| Extent |
1 online resource (xxi, 415 pages) : |
| Other physical details |
illustrations, charts |
| 336 ## - CONTENT TYPE |
| Content type term |
text |
| Content type code |
txt |
| Source |
rdacontent |
| 337 ## - MEDIA TYPE |
| Media type term |
computer |
| Media type code |
c |
| Source |
rdamedia |
| 338 ## - CARRIER TYPE |
| Carrier type term |
online resource |
| Carrier type code |
cr |
| Source |
rdacarrier |
| 490 0# - SERIES STATEMENT |
| Series statement |
Gale eBooks |
| 504 ## - BIBLIOGRAPHY, ETC. NOTE |
| Bibliography, etc. note |
Includes bibliographical references and index. |
| 505 0# - FORMATTED CONTENTS NOTE |
| Formatted contents note |
ch. 1. Roots, growth, and trends of career development and intervention -- ch. 2. Work in global context -- ch. 3. Cross-cultural perspectives in career development -- ch. 4. Career development theories I -- ch. 5. Career development theories II -- ch. 6. Career counseling process -- ch. 7. Assessment -- ch. 8. Career counseling strategies and techniques -- ch. 9. Information, technology, and career information resources / by Julia Larson -- ch. 10. Designing and evaluating career development intervention programs -- ch. 11. Career development prevention and intervention in K-12 school settings / by Mary L. Anderson -- ch. 12. Career development intervention in postsecondary education institutions / by Kimberly Gilliam and Mei Tang -- ch. 13. Career counseling in community settings / by Rhonda Norman and Norman Townsel -- ch. 14. Adult career develop / by Jane Goodman -- ch. 15. Integration of theory and practice. |
| 520 ## - SUMMARY, ETC. |
| Summary, etc. |
This book provides a comprehensive overview of career development theories with a unique multicultural framework. Aligned with the latest standards set forth by the Council for Accreditation of Counseling and Related Educational Programs (CACREP), the text focuses on applications across a variety of settings and populations. |
| 588 ## - SOURCE OF DESCRIPTION NOTE |
| Source of description note |
Description based on print version record. |
| 650 #0 - SUBJECT ADDED ENTRY--TOPICAL TERM |
| Topical term or geographic name entry element |
Career development. |
| 650 #0 - SUBJECT ADDED ENTRY--TOPICAL TERM |
| Topical term or geographic name entry element |
Vocational guidance. |
| 650 #0 - SUBJECT ADDED ENTRY--TOPICAL TERM |
| Topical term or geographic name entry element |
Multiculturalism. |
| 710 2# - ADDED ENTRY--CORPORATE NAME |
| Corporate name or jurisdiction name as entry element |
Gale (Firm) |
| 776 08 - ADDITIONAL PHYSICAL FORM ENTRY |
| Relationship information |
Print version: |
| Title |
Career development and counseling. |
| Place, publisher, and date of publication |
Thousand Oaks, California : SAGE Publications, Inc., [2019] |
| International Standard Book Number |
9781452230863 |
| Record control number |
(DLC) 2018016814 |
| 856 40 - ELECTRONIC LOCATION AND ACCESS |
| Uniform Resource Identifier |
<a href="https://link.gale.com/apps/pub/65QU/GVRL?sid=gale_marc&u=phurs">https://link.gale.com/apps/pub/65QU/GVRL?sid=gale_marc&u=phurs</a> |
| Public note |
Available via Gale eBooks. Click here to access |
| 912 ## - |
| -- |
65QU |
| 942 ## - ADDED ENTRY ELEMENTS (KOHA) |
| Source of classification or shelving scheme |
Library of Congress Classification |
| Koha item type |
E-Book |